The Concise PC notebook and laptop user's guide

Bibliographic Details
Main Author: Gookin, Dan
Format: Book
Published: United State Of America : Windcrest/McGraw-Hill , 1992
Subjects:

MARC

LEADER 00000cam a2200000 7i4500
001 0000009633
002 000010496
005 20000330.0
020 |a 0830624910 
090 0 0 |a 004.16   |b GOO 
100 1 |a Gookin, Dan 
245 1 4 |a The Concise PC notebook and laptop user's guide   |c Dan Gookin 
260 |a United State Of America :   |b Windcrest/McGraw-Hill ,   |c 1992 
300 |a 275 p. ;   |c 23 cm. 
650 0 0 |a Business   |x Data processing 
650 0 0 |a Laptop computers 
650 0 0 |a Portable computers 
999 |a 025180   |b BUKU   |c PINJAMAN   |e PERPUSTAKAAN KOMUNITI PETALING JAYA 
999 |a 025181   |b BUKU   |c PINJAMAN   |e PERPUSTAKAAN KOMUNITI PETALING JAYA 
999 |a 025182   |b BUKU   |c PINJAMAN   |e PERPUSTAKAAN KOMUNITI PETALING JAYA